|
|
|
|
| LEADER |
00000cam a2200000 7i4500 |
| 001 |
0000030851 |
| 005 |
20151222.0 |
| 008 |
110323 |
| 020 |
|
|
|a 1843623838
|
| 090 |
0 |
0 |
|a JF
|b ENG
|
| 100 |
1 |
|
|a Lucas, D.J
|
| 245 |
1 |
0 |
|a Dear Max
|c D.J Lucas ; Aka Sally Grindley
|
| 260 |
|
|
|a Australia :
|b Orchard Books ,
|c 2004
|
| 500 |
|
|
|a Children ages 10-12 years old (pink)
|
| 650 |
|
0 |
|a Authorships
|x Fiction
|
| 650 |
|
0 |
|a England
|x Fiction
|
| 650 |
|
0 |
|a Friendship
|x Fiction
|
| 650 |
|
0 |
|a Letters
|x Fiction
|
| 700 |
1 |
|
|a Grindley, Aka Sally
|
| 999 |
|
|
|a 0001046873
|b Book
|c Children Collection
|e Cawangan Batu Pahat
|
| 999 |
|
|
|a 0001046875
|b Book
|c Children Collection
|e Cawangan Batu Pahat
|
| 999 |
|
|
|a 0001046876
|b Book
|c Children Collection
|e Perbadanan Perpustakaan Awam Johor
|